000 01954nam a22004335i 4500
001 160980
003 ES-MaACL
005 20250804062647.0
008 950206s1886 sp a |||| | spa d
080 _a821.134.1-31"18"
080 _a821.134.1-32"18"
100 1 _aOller, Narcís,
_d1846-1930
_eaut
_986912
245 1 3 _aLa mariposa ;
_bEl chico del panadero ; El trasplantado ; Recuerdos de niño ; Angustia ; Una visita ; El bofetón ; Mi jardín ; La peor pobreza /
_cNarciso Oller ; novelas traducidas del catalán por Felipe B. Navarro ; precedidas de un estudio del mismo y una carta-prólogo por E. Zola ; ilustración de D. Baixeras.
246 1 _aRecuerdos de niño
246 1 _aAngustia
246 1 _aMi jardín
260 _aBarcelona :
_bDaniel Cortezo y Cª,
_c1886.
300 _aXIII, 367 páginas :
_bilustraciones ;
_c20 cm.
490 1 _aBiblioteca "Arte y letras"
530 _aDisponible en formato digital
655 0 _aNovelas
_9234319
700 1 _aNavarro, Felipe Benicio,
_d1840-1901
_etrl
_985065
700 1 _aZola, Émile,
_d1840-1902
_eaui
_9118331
700 1 _aBaixeras, Dionisio,
_d1861-1943
_eill
_9171869
740 3 2 _aLa mariposa : novelas sueltas
740 3 2 _aEl chico del panadero
740 3 2 _aEl trasplantado
740 4 2 _aUna visita
740 3 2 _aEl bofetón
740 3 2 _aLa peor pobreza
830 0 _aBiblioteca "Arte y letras"
_9180874
852 _aES-MaACL
_cSPB
_jB-718
_xEnc. editorial en tela grabada cromolit.
852 _aES-MaACL
_cDEPO2
_hLegado M. de Lafuente
_jE-13160
_xEnc. editorial en tela grabada cromolit.
856 _uhttps://bdh-rd.bne.es/viewer.vm?id=0000187561&page=1
_yVersión en línea
_z(Biblioteca Digital Hispánica)
856 _uhttps://archive.org/details/oller-la-mariposa-1886/page/n7/mode/2up
_yVersión en línea
_z(Internet Archive)
942 _2udc
_cMONANT
_n0
999 _c160980
_d160980